000 01089nam a22002177a 4500
999 _c57212
_d57212
003 Ge_BSU
005 20200117164057.0
008 200117s2017 ||||| |||| 00| 0 geo d
020 _a9789941209536
041 _ageo
080 _a681 ს-32
245 _aსაქართველო ინფორმატიზაციის სათავეებთან /
_cავტორ-შემდგ : ივ. გორგიძე ; [და სხვ.] მთ. რედ. ა. ფრანგიშვილი ; [და სხვ.]
264 _aთბილისი :
_bტექნიკური უნივერსიტეტი,
_c2017.
300 _a344 გვ.:
_bილ;
_c28 სმ.
504 _aბიბლიოგრ.გვ:340-344
653 _aსაქართველოს ინფორმატიზაცია
653 _aინფორმაციული ტექნოლოგიები
653 _aისტორია
700 _aფრანგიშვილი, ა
_eრედაქტორი
_979
942 _2udc
_cBK